| 000 | 00747cam a2200241 4500 | ||
|---|---|---|---|
| 001 | ABS62802 | ||
| 008 | 000000n2000 000 0 eng u | ||
| 035 | _a(Sirsi) u107923 | ||
| 100 | _aCousins, D. | ||
| 245 | _aMasts: the ideal diversification? | ||
| 260 | _c2000 | ||
| 490 |
_aFarmers' Weekly _v133(3) 11 August 2000, 76(1) |
||
| 520 | _aExplains the implications of siting mobile phone masts on farmland. Looks at lease lengths, rents, equipment, contract clauses and safety issues. | ||
| 590 | _aABS | ||
| 650 | _aMOBILE PHONE MASTS | ||
| 650 | _aFARMLAND | ||
| 650 | _aRURAL AREAS | ||
| 650 | _aMOBILE PHONES | ||
| 650 | _aRURAL DIVERSIFICATION | ||
| 650 | _aTELECOMMUNICATIONS MASTS | ||
| 690 |
_aRural _96268 |
||
| 942 | _n0 | ||
| 999 |
_c64464 _d64464 |
||